000
00327 a2200145 4500
001
169672
020
_a
040
_c
Magnum
100
_a
Pestana, Maria Ines Gomes de Sa
240
1
0
_a
Saeb 97 - primeiros resultados
_l
por
245
1
0
_a
Saeb 97 - primeiros resultados
362
0
_a
1899
697
_a
ENSINO
942
_c
BK
999
_c
169672
_d
169672